Epicure et ses dieux
Zapisane w:
| 1. autor: | |
|---|---|
| Format: | Książka |
| Język: | francuski |
| Wydane: |
París
Universitaires
1968
|
| Wydanie: | 2a. ed |
| Seria: | Mythes et religions
|
| Hasła przedmiotowe: | |
| Etykiety: |
Dodaj etykietę
Nie ma etykietki, Dołącz pierwszą etykiete!
|
MARC
| LEADER | 00000nam a2200000 a 4500 | ||
|---|---|---|---|
| 001 | UCZ2776 | ||
| 003 | CL-VaPUC | ||
| 008 | 951006e19680000FR |||||||||||||||||fre|d | ||
| 082 | 0 | 4 | |a 187 |b FES |2 21 |
| 100 | 0 | |a Festugière, A. J |e author |9 346536 | |
| 245 | 1 | 0 | |a Epicure et ses dieux |
| 250 | |a 2a. ed | ||
| 300 | |a 132 p | ||
| 942 | |c BK | ||
| 945 | |d 19951006 00:00:00 |a lriquelm | ||
| 260 | |a París |b Universitaires |c 1968 | ||
| 600 | 0 | |a Epicuro |e autor |9 314341 | |
| 650 | 0 | |a Filosofía griega |9 265579 | |
| 650 | 0 | |a Escuelas filosóficas |9 266232 | |
| 650 | 7 | |a EPICUREISMO |2 CL-VaPUC |9 266523 | |
| 583 | |a last modification |c 19951006 00:00:00 |k Rodrigo Vera | ||
| 490 | 0 | |a Mythes et religions | |
| 999 | |c 239331 |d 239329 | ||
| 952 | |0 0 |1 0 |4 0 |6 187_000000000000000_FES_1968 |7 0 |8 P |9 250400 |a BIBEDU |b BIBEDU |c BIBEDU_PB |d 2019-11-18 |i 1581848 |o 187 FES 1968 |p 1581848 |r 2024-01-25 |w 2019-11-18 |y BK |k FIL | ||